000 00605nam a22002177a 4500
003 UA-OsUOA
001 58340
007 ta
008 20090204b un ||||| |||| 00| 0 ukr d
100 _aЩербак В.
090 _a330(477)
_bЩ-89
942 _cSA
040 _aUA-OsUOA
_bukr
_cUA-OsUOA
_dUA-OsUOA
245 _aАналіз глобалізаційного циклу а засадах політекономічної практики
300 _aС.82-92
955 _a0
041 _aukr
080 _a330(477)
773 0 _w58334
650 7 _a330 Економіка взагалі
_2UDC
999 _c344430
_d344430